000 01062nam a2200229Ia 4500
001 A870-35431
003 IT-CnALBA
008 170116s9999||||xx |||||||||||||| ||und||
040 _aIT-CnALBA
_cIT-CnALBA
041 _aLATINO
100 _aCICERONE MARCO TULLIO
245 0 _aM. T. CICERONIS ORATIONES. TOMUS V. CONTRA P. SERVILIUM RULLUM. PRO RABIRIO C. IN LUCIUM SERGIUM CATILINAM .....
250 _a1a ed.
260 _a NEAPOLI
_bPORCELLI M. JOSEPH TYPIS
_c1777 [1° Ed.:1777]
300 _a645 p.
500 _aSULLA LEGE AGRARIA. TRE ORAZIONI. ORAZIONI CONTRO CATILINA, QUATTRO. ORAZIONE IN DIFESA DI RABIRIO. CURATORE GIORGIO G. GREVIO. ELENCO DI ALTRI CRITICI. NOTE.
501 _aSocietà San Paolo EM - Piazza San Paolo, 14 - 12051 ALBA (CN) (non commercial uses only) ® Copyright 2017
520 _aSULLA LEGE AGRARIA. TRE ORAZIONI. ORAZIONI CONTRO CATILINA, QUATTRO. ORAZIONE IN DIFESA DI RABIRIO. CURATORE GIORGIO G. GREVIO. ELENCO DI ALTRI CRITICI. NOTE.
650 _aLETTERATURA LATINA
942 _cBK
957 _71
999 _a40196
_bSI
_g Copie: 1
_c294259
_d294259